Sit, walk, stand / (Record no. 1691)

MARC details
000 -LEADER
fixed length control field 00648nam a22002171 4500
001 - CONTROL NUMBER
control field 7185924
003 - CONTROL NUMBER IDENTIFIER
control field OSt
005 - DATE AND TIME OF LATEST TRANSACTION
control field 20180919175819.0
008 - FIXED-LENGTH DATA ELEMENTS--GENERAL INFORMATION
fixed length control field 00026401959 enk 000 0 eng d
040 ## - CATALOGING SOURCE
Original cataloging agency IHT
Transcribing agency IHT
Modifying agency ATH
082 ## - DEWEY DECIMAL CLASSIFICATION NUMBER
Classification number 248.9
Item number N372S
090 ## - LOCALLY ASSIGNED LC-TYPE CALL NUMBER (OCLC); LOCAL CALL NUMBER (RLIN)
Classification number (OCLC) (R) ; Classification number, CALL (RLIN) (NR) BV4501.2
Local cutter number (OCLC) ; Book number/undivided call number, CALL (RLIN) .N42 1959
100 1# - MAIN ENTRY--PERSONAL NAME
Personal name Nee, Watchman.
245 10 - TITLE STATEMENT
Title Sit, walk, stand /
Statement of responsibility, etc. Watchman Nee.
250 ## - EDITION STATEMENT
Edition statement Second British ed.
260 ## - PUBLICATION, DISTRIBUTION, ETC.
Place of publication, distribution, etc. London :
Name of publisher, distributor, etc. Witness and Testimony Publishers ;
Place of publication, distribution, etc. Fort Washington, PA :
Name of publisher, distributor, etc. [distributed by] Christian Literature Crusade,
Date of publication, distribution, etc. 1959.
-- 1958
300 ## - PHYSICAL DESCRIPTION
Extent 64 p. ;
Dimensions 19 cm.
650 #0 - SUBJECT ADDED ENTRY--TOPICAL TERM
Topical term or geographic name entry element Christian life.
650 #0 - SUBJECT ADDED ENTRY--TOPICAL TERM
Topical term or geographic name entry element Conduct of life.
942 ## - ADDED ENTRY ELEMENTS (KOHA)
Source of classification or shelving scheme Dewey Decimal Classification
Koha item type Books
Holdings
Withdrawn status Lost status Source of classification or shelving scheme Damaged status Not for loan Collection code Home library Current library Shelving location Date acquired Total Checkouts Full call number Barcode Date last seen Price effective from Koha item type
    Dewey Decimal Classification     Non-fiction Harvest Mission College Harvest Mission College General Stacks 19.09.2018   248.9 N372S 003561 19.09.2018 19.09.2018 Books
    Dewey Decimal Classification     Non-fiction Harvest Mission College Harvest Mission College General Stacks 21.01.2021   248.9 N372S 010700 21.01.2021 21.01.2021 Books

OPAC Designed and Maintained by HMC Library Team.
Copyright © HMC Library,Greater Noida, UP.
For any Suggestions/Query Contact library via Email:libhmc@gmail.com